[Event "DEM U12 2022"]
[Site "Willingen GER"]
[Date "2022.06.06"]
[Round "3"]
[White "Fettig, Michel"]
[Black "Schönherr, Stijn"]
[Result "1-0"]
[Termination "normal"]
[Board "30"]
[WhiteElo "1407"]
[BlackElo "1254"]
[PlyCount "98"]
[WhiteFideId "34608982"]
[BlackFideId "34611622"]
[EventCountry "GER"]
[EventRounds "9"]
[EventType "swiss"]
[EventDate "2022.06.04"]

1. e4 e6 2. d4 d5 3. e5 c5 4. c3 Nc6 5. Nf3 Qb6 6. Be2 Bd7 7. O-O Nh6 8. Bxh6
gxh6 9. Qd2 Be7 10. dxc5 Bxc5 11. b4 Bf8 12. Re1 Rg8 13. Bd3 Rg7 14. Na3 d4 15.
Nc4 dxc3 16. Qxc3 Bxb4 17. Nxb6 Bxc3 18. Nxa8 Bxa1 19. Rxa1 Kd8 20. Rb1 Kc8 21.
h4 Kb8 22. Ba6 Na5 23. Rd1 Kxa8 24. Bxb7+ Kxb7 25. Rxd7+ Kb6 26. Nd4 Nc6 27.
Rd6 Rg4 28. Nxc6 a5 29. Nd4+ Kc5 30. Nf3 Ra4 31. Rd2 Kc4 32. g4 Kc3 33. Re2
Rxg4+ 34. Kh2 Kd3 35. Re3+ Kc2 36. Ra3 a4 37. Re3 Kb1 38. a3 Kb2 39. Kh3 Rc4
40. Nd2 Rc3 41. Rxc3 Kxc3 42. Ne4+ Kd4 43. Nd6 Kxe5 44. Nxf7+ Kd4 45. Nd6 e5
46. Kg4 Kc5 47. Ne4+ Kd4 48. Kf5 Kc4 49. Kxe5 Kb3 1-0